| 000 | 00000nam##2200000za#4500 |
| 001 | 9.648432 |
| 003 | CaOODSP |
| 005 | 20210705115227 |
| 007 | ta |
| 008 | 150407|2001||||xxc||||| f|0| 0 eng|d |
| 020 | |a1-894766-29-6 |
| 040 | |aCaOODSP|beng |
| 043 | |an-cn--- |
| 086 | 1 |aH118-1/2001E |
| 110 | 1 |aCanada. |bCanadian Institute for Health Information. |
| 245 | 10|aCanada's health care providers |
| 260 | |aOttawa - Ontario : |bCanadian Institute for Health Information |c2001. |
| 300 | |axiv, 100p. : |bfigs., graphs, references, tables ; |c28 cm. |
| 563 | |aSoftcover |
| 590 | |a02-02|b2002-01-11 |
| 775 | 08|tLes dispensateurs de soins au Canada |w(CaOODSP)9.681717 |
| 776 | 0#|tCanada's health care providers |w(CaOODSP)9.695540 |